<?xml version="1.0" encoding="utf-8"?>
<?xml-stylesheet type='text/xsl' href='./oai2.xsl'?>
<OAI-PMH xmlns="http://www.openarchives.org/OAI/2.0/" xmlns:xsi="http://www.w3.org/2001/XMLSchema-instance" xsi:schemaLocation="http://www.openarchives.org/OAI/2.0/ http://www.openarchives.org/OAI/2.0/OAI-PMH.xsd">
  <responseDate>2026-06-07T05:23:44Z</responseDate>
  <request verb="GetRecord" metadataPrefix="marcxml" identifier="record_kuniweb_2508522">https://kulturerbe.niedersachsen.de/oai</request>
  <GetRecord>
    <record>
      <header>
        <identifier>record_kuniweb_2508522</identifier>
        <datestamp>2026-03-31T19:09:18Z</datestamp>
        <setSpec>slg0175</setSpec>
      </header>
      <metadata>
        <marc:record xmlns:marc="http://www.loc.gov/MARC21/slim" xsi:schemaLocation="http://www.loc.gov/MARC21/slim http://www.loc.gov/standards/marcxml/schema/MARC21slim.xsd">
          <marc:leader>12345nkm  22     uu 4500</marc:leader>
          <marc:controlfield tag="001">2508522</marc:controlfield>
          <marc:controlfield tag="003">http://kuniweb.gbv.de</marc:controlfield>
          <marc:controlfield tag="005">2024-05-27T13:44:49</marc:controlfield>
          <marc:controlfield tag="008">|           ||||||||||||||||||||||</marc:controlfield>
          <marc:datafield tag="245" ind1="1" ind2="0">
            <marc:subfield code="a">Der Raucher (le fumeur)</marc:subfield>
          </marc:datafield>
          <marc:datafield tag="720" ind1=" " ind2=" ">
            <marc:subfield code="a">Jean Louis Ernest Meissonier</marc:subfield>
          </marc:datafield>
          <marc:datafield tag="720" ind1=" " ind2=" ">
            <marc:subfield code="a">Johann Meyer</marc:subfield>
          </marc:datafield>
          <marc:datafield tag="720" ind1=" " ind2=" ">
            <marc:subfield code="a">F. A. Brockhaus (Leipzig)</marc:subfield>
          </marc:datafield>
          <marc:datafield tag="720" ind1=" " ind2=" ">
            <marc:subfield code="a">E. A. Seemann (Firma : Leipzig)</marc:subfield>
          </marc:datafield>
          <marc:datafield tag="720" ind1=" " ind2=" ">
            <marc:subfield code="a">Ludwig Friedrich</marc:subfield>
          </marc:datafield>
          <marc:datafield tag="655" ind1=" " ind2="7">
            <marc:subfield code="a">Grafik</marc:subfield>
          </marc:datafield>
          <marc:datafield tag="046" ind1=" " ind2=" ">
            <marc:subfield code="k">1872</marc:subfield>
            <marc:subfield code="k">ca. 1872 - ca. 1873 (Veröffentlichung der Reproduktion in der "Zeitschrift für bildende Kunst" 1873)</marc:subfield>
            <marc:subfield code="l">1873</marc:subfield>
          </marc:datafield>
          <marc:datafield tag="260" ind1=" " ind2=" ">
            <marc:subfield code="g">1872</marc:subfield>
            <marc:subfield code="g">1873</marc:subfield>
            <marc:subfield code="g">ca. 1872 - ca. 1873 (Veröffentlichung der Reproduktion in der "Zeitschrift für bildende Kunst" 1873)</marc:subfield>
          </marc:datafield>
          <marc:datafield tag="300" ind1=" " ind2=" ">
            <marc:subfield code="a">Höhe: 122 mm (Darstellung)
Breite: 91 mm (Darstellung)
Höhe: 245 mm (Druckplatte)
Breite: 170 mm (Druckplatte)</marc:subfield>
          </marc:datafield>
          <marc:datafield tag="520" ind1=" " ind2=" ">
            <marc:subfield code="a">Radierung von Ludwig Friedrich nach einem kleinformatigen Gemälde Ernest Meissoniers. Reproduktion erschienen als Beilage in der "Zeitschrift für bildende Kunst" 1873 neben einem Artikel über "Die Meyer'sche Gemäldesammlung in Dresden". Radierung und Beschreibung des Gemäldes in der ZfbK derzeit einzige verfügbare Belege zum reproduzierten Kunstwerk und Plädoyer für private Kunstsammlungen im 19. Jahrhundert: "Im Verhältnis zu den Anregungen, welche die Kunstliebe und der Sammeleifer in Dresden durch die öffentlichen Kunstsammlungen erhält, hat es dort doch immer nur wenige Privatsammlungen von Bedeutung gegeben. [...] Von neueren Sammlern ist [...] zu nennen [...] Herr John [Johann] Meyer, der eine beachtenswerte Galerie moderner Werke besitzt. [...] Er hat im sogenannten englischen Viertel sich ein komfortable eingerichtetes Haus mit besonderer Rücksicht auf seine Gemäldesammlung gebaut und letztere in liberaler Weise allen Kunstfreunden zugänglich gemacht. [...] Perlen der Sammlung sind zwei Bilder Meissonier's. [...] In [...] helle[m] Lichte erscheinen die liebenswürdigen Vorzüge des Meisters in dem [...] Kabinetsstücke ['Der Raucher'], in einer jener harmlosen Schilderungen des Kleinlebens, welche die eigentliche Domäne Meissonier's bilden, in einer Einzelgestalt, die unter der Bezeichnung 'le fumeur' bekannt geworden ist. Das kaum eine Hand große Bild, welches der Zeitschrift in einer Radirung [...] vorliegt, befand sich früher in der Galerie des Herrn de Dervies, aus welcher es in die Meyer'sche Sammlung übergegangen ist." (ZfbK 1873, S. 104) (T. Mahler 05/2024)

Aufdruck:
"Meissonier pinx./ Verlag von E.A. Seemann in Leipzig." u. li. "Das Original befindet sich in der Meyer'schen Galerie zu Dresden." u. mittig "L. Friedrich sculp./ Druck von F.A. Brockhaus in Leipzig." u. re. (unterhalb der Darstellung innerhalb der Druckplatte)

Aufschrift:
"8/4" verso u. re. (Angaben zur Auflage ("Zeitschrift für bildende Kunst", Bd. 8, Heft 4, Leipzig 1873))

Veröffentlicht in:
Clauß, Carl: Die Meyer'sche Gemäldesammlung in Dresden, in: Zeitschrift für bildende Kunst. Mit dem Beiblatt Kunst-Chronik, hrsg. von Carl von Lützow (Bd. 8, 4), Leipzig (1873), S. 104f.</marc:subfield>
          </marc:datafield>
          <marc:datafield tag="650" ind1="1" ind2=" ">
            <marc:subfield code="a">Grafik, Fotografie &gt; Druckgrafik &gt; Tiefdruck &gt; Radierung</marc:subfield>
          </marc:datafield>
          <marc:datafield tag="773" ind1="0" ind2=" ">
            <marc:subfield code="t">Sammlung und Nachlass Hermann Allmers</marc:subfield>
          </marc:datafield>
          <marc:datafield tag="852" ind1=" " ind2=" ">
            <marc:subfield code="a">Archiv des Landkreises Cuxhaven</marc:subfield>
          </marc:datafield>
          <marc:datafield tag="" ind1=" " ind2=" ">
            <marc:subfield code="a">Sammlung und Nachlass Hermann Allmers sind Eigentum der Hermann-Allmers-Gesellschaft e. V. und werden in zwei Teilen an zwei Standorten verwahrt:
Die (museale) Sammlung, bestehend aus Mobiliar und Hausgerät, Tafelgemälden, kleineren und größeren Antiken, Gipsabgüssen, kunsthandwerklichen Objekten aus Keramik und Glas und einer kleinen Bibliothek, befindet sich im Allmers-Haus in Rechtenfleth.
Der literarische, grafische und fotografische "Nachlass Hermann Allmers" hingegen ist im Archiv des Landkreises Cuxhaven in Otterndorf deponiert.</marc:subfield>
          </marc:datafield>
          <marc:datafield tag="" ind1=" " ind2=" ">
            <marc:subfield code="a">Namensnennung - Nicht kommerziell - Keine Bearbeitungen 4.0 International (CC BY-NC-ND 4.0)</marc:subfield>
          </marc:datafield>
        </marc:record>
      </metadata>
    </record>
  </GetRecord>
</OAI-PMH>
